Một số quan điểm của Hồ Chí Minh về xây dựng nền hành chính nhà nước /

Bewaard in:
Bibliografische gegevens
Hoofdauteur: Đặng Khắc Ánh, TS.
Andere auteurs: Lê Đình Lung, ThS.
Formaat: Artikel
Taal:Vietnamese
Onderwerpen:
Tags: Voeg label toe
Geen labels, Wees de eerste die dit record labelt!
Thư viện lưu trữ: Thư viện Trường Đại học Đà Lạt
LEADER 00873nam a2200277 4500
001 DLU100108792
005 ##20100604
040 # # |a DLU  |b vie 
041 # # |a vie 
044 # # |a vn 
100 # # |a Đặng Khắc Ánh,   |c TS. 
245 # # |a Một số quan điểm của Hồ Chí Minh về xây dựng nền hành chính nhà nước /  |c Đặng Khắc Ánh, Lê Đình Lung. 
653 # # |a Chủ nghĩa xã hội 
653 # # |a Chuyên môn hóa 
653 # # |a Quản lí hành chính 
700 # # |a Lê Đình Lung,   |c ThS. 
773 # # |t Giáo dục lý luận  |g Số3(132), 2008, tr. 15-20 
920 # # |a Phòng Tạp chí -- Trung tâm Thông tin - Thư viện Trường Đại học Đà Lạt 
994 # # |a DLU 
900 # # |a True 
911 # # |a Nguyễn Thị Linh Chi 
925 # # |a G 
926 # # |a A 
927 # # |a BB 
980 # # |a Thư viện Trường Đại học Đà Lạt